| 000 | 00332nam a22001097a 4500 | ||
|---|---|---|---|
| 050 |
_a(The) TD 789 _b.O8 2024 |
||
| 100 | _aOtieno Avy Nyateng | ||
| 245 | _aCharacterization analysis and review of hazardous waste management in oil drilling fields in Turkana, Kenya | ||
| 300 | _a66p. | ||
| 650 | _bWaste management | ||
| 942 |
_2lcc _cTHE |
||
| 999 |
_c18781 _d18781 |
||